| 000 | 01875nam a2200457Ia 4500 | ||
|---|---|---|---|
| 005 | 20220317001733.0 | ||
| 008 | 170328s1992 s g 000 p s | ||
| 020 | _a8475173527 | ||
| 041 | _aspa | ||
| 100 | 1 |
_aTranströmer, Tomas _d1931- |
|
| 245 | 1 | 0 |
_aPara vivos y muertos _bpoesía _cTomas Tranströmer ; versiones de Roberto Mascaró, con la versión de Bálticos de francisco Uriz ; prólogo de Louise von Bergen |
| 250 | _a1a. edición | ||
| 300 |
_a157 páginas _c20 cm |
||
| 490 | _aPoesía Hiperión | ||
| 500 | _aIncluye datos biográficos del autor | ||
| 505 | _a17 poemas (1954) -- Secretos en el camino (1958) -- El cielo a medio hacer (1962) -- Tañidos y huellas (1966) -- Ver en la oscuridad (1970) -- Senderos (1973) -- Bálticos (1974) -- La barrera de la verdad (1978) -- La plaza salvaje (1983) -- Para vivos y muertos (1989) | ||
| 650 | 1 | 4 |
_2LEMB _aPoesía turca _ySiglo XX |
| 650 | 1 | 4 |
_2LEMB _aLiteratura turca _ySiglo XX |
| 650 | 1 | 4 |
_2LEMB _aSentimientos en la literatura |
| 650 | 1 | 4 |
_2LEMB _aEmociones en la literatura |
| 650 | 1 | 4 |
_2LEMB _aSoledad en la literatura |
| 700 |
_aMascaró, Roberto _etraductor _989827 |
||
| 700 |
_aBergen, Louise von _eprologuista _989828 |
||
| 740 | _a Bálticos (1974) | ||
| 740 | _a El cielo a medio hacer (1962 | ||
| 740 | _a La barrera de la verda (1978) | ||
| 740 | _a La plaza salvaje (1983) | ||
| 740 | _a Para vivos y muertos (1989) | ||
| 740 | _a Secretos en el camino (1958) | ||
| 740 | _a Senderos (1973) | ||
| 740 | _a Tañidos y huellas (1966) | ||
| 740 | _a Ver en la oscuridad (1970) | ||
| 740 | _a17 poemas (1954) | ||
| 942 |
_2loc _cBKLIT |
||
| 264 |
_aMadrid _bHiperión _cc1992 |
||
| 336 |
_atexto _btxt _2rdacontent |
||
| 337 |
_asin mediación _bn _2rdamedia |
||
| 338 |
_avolumen _bnc _2rdacarrier |
||
| 040 |
_aCO-BoRNBP _bspa _erda _cCO-BoRNBP |
||
| 084 | _aP TRA6 | ||
| 999 |
_c7911 _d7911 |
||